2003 : (Record no. 112644)
[ view plain ]
| 000 -CABECERA | |
|---|---|
| campo de control de longitud fija | 00696nam a2200193 a 4500 |
| 005 - FECHA Y HORA DE LA ÚLTIMA TRANSACCIÓN | |
| campo de control | 20240912063718.0 |
| 008 - ELEMENTOS DE LONGITUD FIJA--INFORMACIÓN GENERAL | |
| campo de control de longitud fija | 051004s2004 mx r 000 0 spa d |
| 035 ## - NÚMERO DE CONTROL DEL SISTEMA | |
| Número de control de sistema | UPN01000140496 |
| 049 ## - COLECCIÓN | |
| Colección | CG |
| 050 #4 - SIGNATURA TOPOGRÁFICA DE LA BIBLIOTECA DEL CONGRESO | |
| Número de clasificación | HB801 |
| Número de documento/Ítem | D6.7 2003 |
| 245 00 - MENCIÓN DE TÍTULO | |
| Título | 2003 : |
| Resto del título | acción y visión de Profeco : una ley renovada : un beneficio compartido. |
| 260 ## - PUBLICACIÓN, DISTRIBUCIÓN, ETC. | |
| Lugar de publicación, distribución, etc. | México : |
| Nombre del editor, distribuidor, etc. | PROFECO, |
| Fecha de publicación, distribución, etc. | [2004]. |
| 300 ## - DESCRIPCIÓN FÍSICA | |
| Extensión | 87 p. : |
| Otras características físicas | il. + |
| Material acompañante/anejo | 1 folleto (31 p.) y 1 disco compacto digital 4 3/4 plg. |
| 500 ## - NOTA GENERAL | |
| Nota general | Incluye un CD |
| 506 ## - NOTA DE RESTRICCIONES AL ACCESO | |
| Limitaciones de acceso | Solicíta el CD-ROM en el Mostrador de Préstamo |
| 610 24 - ASIENTO SECUNDARIO DE MATERIA - NOMBRE CORPORATIVO | |
| Nombre de entidad corporativa o nombre de jurisdicción como elemento de entrada | PROCURADURIA FEDERAL DEL CONSUMIDOR (MEXICO) - |
| Subdivisión de forma | INFORMES |
| 9 (RLIN) | 1630 |
| 650 #4 - ASIENTO SECUNDARIO DE MATERIA - TERMINO TEMATICO | |
| Término de materia o nombre geográfico como elemento de entrada | Consumidor |
| Subdivisión general | Educación |
| 9 (RLIN) | 10497 |
| 905 ## - TIPO DE MATERIAL | |
| Tipo de material | Libro |
| Estado de retiro | Estado de pérdida | Fuente del sistema de clasificación o colocación | Estado dañado | No para préstamo | Código de colección | Localización permanente | Ubicación/localización actual | Ubicación en estantería | Fecha de adquisición | Enumeración/cronología de publicación seriada | Clasificación | Código de barras | Fecha visto por última vez | Tipo de ítem Koha | Nota pública | Total de préstamos | Número de copia |
|---|---|---|---|---|---|---|---|---|---|---|---|---|---|---|---|---|---|
| Library of Congress Classification | Materiales complementarios y otros recursos electrónicos | Bib. Gregorio Torres Quintero | Bib. Gregorio Torres Quintero | Mostrador de préstamo Planta baja | 21/06/2024 | CD + libro + folleto | HB801 D6.7 2003 | 339223 | 31/12/2020 | Disco Compacto | Solicítalo en el mostrador de préstamo | ||||||
| Library of Congress Classification | Colección General | Bib. Gregorio Torres Quintero | Bib. Gregorio Torres Quintero | Planta baja | libro + CD + folleto | HB801 D6.7 2003 | 184873 | 31/12/2020 | Libro | 1 |
